• 首页
  • 本馆介绍
  • 公告通知
  • 最新文献
  • 馆藏检索
  • 电子资源
  • 读者导购
  • 参考咨询
  • 我的图书馆
  • 登录
  • 详细信息显示
  • 放入我的书架
  • 预约/预借图书
  • 作者相关作品
  • 分类相关作品
  • 丛书相关作品
  • 出版社相关作品

书目信息

  • 表格格式
  • 工作单格式
  • 卡片格式
题名:
老照片
    
 
作者: 冯克力 主编
分册: 第一○六辑  
出版信息: 济南   山东画报出版社  2016.04
页数: 189页
开本: 21cm
丛书名:
单 册:
中图分类: K106 , K260.6 , K10
科图分类:
主题词: 世界史--shi jie shi--史料 , 中国历史--zhong guo li shi--现代史--史料
电子资源:
ISBN: 978-7-5474-1794-2
000 00924nam0 2200265 450
001 2231969290
005 20220918182605.51
010    @a978-7-5474-1794-2@dCNY20.00
100    @a20160516d2016 em y0chiy50 ea
101 0  @achi
102    @aCN@b370000
105    @aac z 000yy
200 1  @a老照片@Alao zhao pian@d= Old photos@h第一○六辑@f主编冯克力@zeng
210    @a济南@c山东画报出版社@d2016.04
215    @a189页@c肖像, 图@d21cm
330    @a《老照片》丛书1996年出版, 每两个月推出一辑, 本册为第一○六辑, 主要内容包括: 谭金土 1932年: 上海一家外企的影像志 ; 杨潜 张敏之家人的“大江大海” ; 张聿温 怎样父母怎样情等。
510 1  @aOld photos@zeng
606 0  @a世界史@Ashi jie shi@j史料
606 0  @a中国历史@Azhong guo li shi@x现代史@j史料
690    @aK106@v5
690    @aK260.6@v5
690    @aK10@v4
701  0 @a冯克力@Afeng ke li@4主编
801  0 @aCN@b人天书店@c20160516
905    @aZUCC@dK10@e23:106
    
    老照片= Old photos.第一○六辑/主编冯克力.-济南:山东画报出版社,2016.04
    189页:肖像, 图;21cm
    
    
    ISBN 978-7-5474-1794-2:CNY20.00
    《老照片》丛书1996年出版, 每两个月推出一辑, 本册为第一○六辑, 主要内容包括: 谭金土 1932年: 上海一家外企的影像志 ; 杨潜 张敏之家人的“大江大海” ; 张聿温 怎样父母怎样情等。
●
相关链接 在五车中查询图书 在当当中查询图书 在豆瓣中查询图书


正题名:老照片     索取号:K10/23:106         预约/预借

序号 登录号 条形码 馆藏地/架位号 状态 备注
1 2000895462   2000895462   第三书库/ [索取号:K10/23:106] 在馆    
2 2000895463   2000895463   第三书库/ [索取号:K10/23:106] 在馆    
3 2000895464   2000895464   第三书库/ [索取号:K10/23:106] 在馆    
山东省滨州职业学院图书馆 欢迎您!
大连网信软件有限公司© 版权所有